00713 2200241 4500001002100000005001500021035002000036007000300056008004100059020002200100082000800122084001400130100002100144245012900165250001000294260004700304300002300351650002600374504003000400710001900430990001100449990001100460INLIS00000000000443720191114091118 a0010-1119000064ta191114 g 0 ind  a978-602-5790-06-5 a920 a920 SAF k0 aSAFITRI, Karnadi1 aKisah Sukses Inspiratif Tokoh Terkenal Dunia :bPasti Kita Bisa Seperti Mereka /cSafitri Karnadi; penyunting, Tim Hiputindo acet.1 aYogyakarta :bHijaz Pustaka Mandiri,c2018 a197 hlm. ;c21 cm. 4aBIOGRAFI. TOKOH DUNIA aBibliografi: hlm. 195-1970 aTIM, Hiputindo a7162 a a7162 b